LA ECONOMIA DE LA AGRICULTURA/

TRADUCCION DE: THE ECONOMICS OF AGRICULTURE

保存先:
書誌詳細
第一著者: Metcalf, David (autor)
フォーマット: 図書
シリーズ:(Alianza Universidad ; 99)
主題:
タグ: タグ追加
タグなし, このレコードへの初めてのタグを付けませんか!

MARC

LEADER 00000nam^a2200000^a^4500
001 000209493
005 20250521000000.0
009 20260310103323.994
020 |a 84-206-2099-8 
035 |a 021216 
037 |a Acervo Xavier Clavigero 
082 |a 334. 6  |b MET 
100 |a Metcalf, David  |e (autor) 
245 1 3 |a LA ECONOMIA DE LA AGRICULTURA/  |c DAVID METCALF; TR. RAMON PAREDES 
264 |a MADRID :  |b ALIANZA, S.A.,  |c 1974 
300 |a 155p. 
336 |a texto  |b txt  |2 rdacontenido 
337 |a sin mediación  |b n  |2 rdamedio 
338 |a volumen  |b nc  |2 rdasoporte 
440 |a (Alianza Universidad ;  |v 99) 
520 |a TRADUCCION DE: THE ECONOMICS OF AGRICULTURE 
520 |a INCLUYE: BIBLIOGRAFIA E INDICE 
649 |a XX 
650 |a Agricultura 
910 |a Fondo General 
920 |a Impresos - Libros 
930 |a Colección General 
905 |a 101 
901 |a 021216  |b IT1  |c ACC  |i 021216  |u 20250521 
902 |a https://opac.biblio.iteso.mx/vufind/Record/000209493